000 00448 a2200157 4500
005 20250611170020.0
020 _a978-1-292-40328-1
082 _a658.403 LAU
100 _aLAUDON, K. C.
245 _aManagement Information Systems: Management the Digital Firm.
250 _a17th Ed
260 _aLondon,
_bPearson,
_c2022.
300 _a648p.: ill.; figure, picture, table
_bGlossary & Index
_c27cm
700 _aLAUDON, J. P.
942 _2ddc
_cBKS
999 _c3782
_d3782